Statistiken für 40 historische Personen, die jeder kennen sollte

Klicken Sie hier um das Quiz zu spielen!

Allgemein

  • Dieses Quiz wurde 7,109 mal gespielt
  • Das Durchschnittsergebnis liegt bei 23 aus 40

Antwortstatistiken

Hinweis Person % Korrekt
Deutscher Führer im Zweiten WeltkriegAdolf Hitler
96%
Christlicher MessiasJesus Christus
94%
Er startete die ReformationMartin Luther
93%
Maler der Mona LisaLeonardo da Vinci
88%
Er hielt die I Have a Dream-RedeMartin Luther King, Jr.
86%
Erster Mann auf dem MondNeil Armstrong
84%
Er "entdeckte" die Neue WeltChristoph Kolumbus
84%
Erster US-PräsidentGeorge Washington
83%
Vater der Nation IndienMohandas Gandhi
81%
Er schrieb HamletWilliam Shakespeare
80%
Er erfand den BuchdruckJohannes Gutenberg
80%
Gründer des IslamsMohammed
78%
Er "entdeckte" die EvolutionCharles Darwin
76%
Er führte seine Elefanten über die AlpenHannibal
71%
Komponist der MondscheinsonateLudwig van Beethoven
71%
Erster Führer der SowjetunionWladimir Lenin
71%
Französischer Kaiser, 1804-1815Napoleon
69%
Premierminister, der Großbritannien durch den 2. Weltkrieg führteWinston Churchill
69%
Er "entdeckte" die SchwerkraftIsaac Newton
69%
Grieche, der Persien eroberteAlexander der Grosse
63%
Erste weibliche Premierministerin des Vereinigten KönigreichesMargaret Thatcher
60%
Erfinder der GlühbirneThomas Edison
58%
US-Präsident während des SezessionskriegesAbraham Lincoln
53%
Er schrieb angeblich die IliasHomer
52%
Wurde an den Iden des März getötetJulius Cäsar
50%
Französische Frau, die im Hundertjährigen Krieg Truppen führteJeanne d'Arc
46%
Sein Großer Sprung nach vorn kostete mehr als 30 Millionen MenschenlebenMao Zedong
45%
Jungfräuliche Königin EnglandsKönigin Elisabeth I.
42%
Er "entdeckte" die Ostküste AustraliensJames Cook
35%
Erschaffer von Huckleberry FinnMark Twain
35%
Weigerte sich ihren Bussitz zu räumen, in AlabamaRosa Parks
33%
Admiral der Schlacht von TrafalgarHoratio Nelson
32%
Sie schrieb Stolz und VorurteilJane Austen
29%
Präsident mit den New Deal-ReformenFranklin D. Roosevelt
28%
Auch "Befreier Lateinamerikas" genanntSimón Bolívar
23%
Lordprotektor Englands, 1653-1658Oliver Cromwell
19%
Flugpionierin, die über dem Pazifik verschwandAmelia Earhart
17%
Er schrieb Große ErwartungenCharles Dickens
15%
Autor des "Daodejing"Laozi
10%
Erste taubblinde College-AbsolventinHelen Keller
10%

Verteilung der Resultate

Perzentil nach korrekt beantworteten Fragen

Anzahl Personen mit jedem Resultat

Ihre Resultats-Entwicklung

Sie haben dieses Quiz noch nicht gespielt